000 01126nam a2200361 b 4500
001 2258996
003 DO-SdBNP
005 20180206142925.0
007 2258996
008 020228s1986 mx | ||| ||spa
016 7 _a
_2
017 _a
_b
020 _a9681621980
035 _a
040 _aBPMSU
_bspa
_cBPMSU
_e
041 1 _aspa
_h
080 0 _a
082 _a191.9
_bB37p
100 1 _aBarzun, Jacques
_d1907-2012
240 1 0 _a Título original : A stroll with William James
_l
245 1 0 _a Un paseo con William James /
_c Jacques Barzun ; traducción de Juan José Utrilla.
_h
_b
260 _a México :
_bFondo de Cultura Económica,
_c1986
300 _a351 p. :
_c25 cm
490 _aBiblioteca de psicología y psicoanálisis
504 _aBibliografía: p. 1188-1227. Índices
600 _2James, William,
_d1842-1910.
650 _2Filosofía estadounidense.
651 7 _aEuropa
_xCivilización
_2embne
830 _pBiblioteca de psicología y psicoanálisis
942 _2ddc
_cBK
945 _aInventariado, 2018 / BT
956 _2VMATEO
_310
_620160312
_8BPMSU
_a00151
999 _c9248
_d9248